Selected references on lathyrism; (Record no. 12224)
[ view plain ]
| 000 -LEADER | |
|---|---|
| fixed length control field | 00841cam a2200217 4500 |
| 001 - CONTROL NUMBER | |
| control field | agr67000245 |
| 003 - CONTROL NUMBER IDENTIFIER | |
| control field | DLC |
| 005 - DATE AND TIME OF LATEST TRANSACTION | |
| control field | 20260227111026.0 |
| 008 - FIXED-LENGTH DATA ELEMENTS--GENERAL INFORMATION | |
| fixed length control field | 690523s1966 dcu b 000 0 eng c |
| 010 ## - LIBRARY OF CONGRESS CONTROL NUMBER | |
| LC control number | agr67000245 |
| 040 ## - CATALOGING SOURCE | |
| Original cataloging agency | U.S. Nat'l Agr. Libr. |
| Transcribing agency | DLC |
| Modifying agency | DLC |
| 070 0# - NATIONAL AGRICULTURAL LIBRARY CALL NUMBER | |
| Classification number | aZ6675 .T8C6 |
| 100 1# - MAIN ENTRY--PERSONAL NAME | |
| Personal name | Coons, Callie Mae (Williams) |
| Dates associated with a name | 1898- |
| 245 10 - TITLE STATEMENT | |
| Title | Selected references on lathyrism; |
| Remainder of title | research, experimental and clinical. |
| Statement of responsibility, etc. | [References compiled by: Callie Mae Coons and Shirley L. Cress] |
| 260 ## - PUBLICATION, DISTRIBUTION, ETC. | |
| Place of publication, distribution, etc. | Washington, |
| Name of publisher, distributor, etc. | U.S. Dept. of Agriculture, Agricultural Research Service, Office of Administrator |
| Date of publication, distribution, etc. | [1966] |
| 300 ## - PHYSICAL DESCRIPTION | |
| Extent | 25 p. |
| Dimensions | 27 cm. |
| 650 #0 - SUBJECT ADDED ENTRY--TOPICAL TERM | |
| Topical term or geographic name entry element | Lathyrism |
| General subdivision | Bibliography. |
| 650 #3 - SUBJECT ADDED ENTRY--TOPICAL TERM | |
| Topical term or geographic name entry element | Lathyrism |
| General subdivision | Bibliography. |
| 700 1# - ADDED ENTRY--PERSONAL NAME | |
| Personal name | Cress, Shirley Lee, |
| Dates associated with a name | 1925- |
| Relator term | joint author. |
| 710 1# - ADDED ENTRY--CORPORATE NAME | |
| Corporate name or jurisdiction name as entry element | United States. |
| Subordinate unit | Agricultural Research Service. |
No items available.